000
00482nam a2200181Ia 4500
008
090124s9999 xx 000 0 und d
082
_b
35776
100
_a
भालेराव अनंत
245
_a
कावड
250
_a
0
260
_b
ऋतू प्रकाशन
300
_a
226
600
_a
भालेराव अनंत
630
_a
कावड
700
_a
भालेराव अनंत
730
_a
कावड
942
_c
BOOK
999
_c
101732
_d
101732